banner-ar

الدور الامريكى فى سياسة تركيا حيال الاتحاد الاوروبى 1993 - 2010 / (Record no. 59820)

MARC details
000 -الفاتح
حقل البيانات ثابتة الطول 01241nam a22002417a 4500
005 - وقت وتاريخ اخر تعامل مع التسجيلة
رقم الضبط 20240530110338.0
008 - عناصر البيانات ثابتة الطول - معلومات عامة
حقل البيانات ثابتة الطول 141022s2010 le bj grc 000 0dara d
020 ## - الرقم الدولى المعيارى للكتب
الرقم الدولى المعيارى للكتاب 9789953823591
040 ## - مصدر الفهرسة
وكالة الفهرسة الأصلية EG-CaGPL
082 04 - رقم تصنيف ديوى العشرى
رقم الطبعة 21
رقم التصنيف 327.730561
رقم المادة م د
100 0# - المدخل الرئيسى - إسم شخصى
الإسم الشخصى محمد ياس خضير الغريرى
245 12 - بيان العنوان
العنوان الدور الامريكى فى سياسة تركيا حيال الاتحاد الاوروبى 1993 - 2010 /
بيان المسئوليه,etc محمد ياس خضير الغريرى
260 ## - PUBLICATION, DISTRIBUTION, ETC. (IMPRINT)
تاريخ النشر أو التوزيع 2010
300 ## - الوصف المادى
التعداد 304 ص :
تفاصيل ماديه اخرى للوعاء ايض ؛
أبعاد الوعاء 24 سم
490 ## - بيان السلسلة
عنوان السلسلة سلسلة اطروحات الدكتوراه ؛
رقم المجلد/ التعيين التسلسلي 92
651 04 - المدخل الاضافى بالموضوع - اسم جغرافى
الاسم الجغرافي الولايات المتحدة الامريكية
التقسيم الفرعي العام العلاقات الخارجية
التقسيم الفرعي الجغرافي تركيا
651 04 - المدخل الاضافى بالموضوع - اسم جغرافى
الاسم الجغرافي تركيا
التقسيم الفرعي العام العلاقات الخارجية
التقسيم الفرعي الجغرافي الولايات المتحدة الامريكية
651 04 - المدخل الاضافى بالموضوع - اسم جغرافى
الاسم الجغرافي تركيا
التقسيم الفرعي العام الاحوال السياسية
651 04 - المدخل الاضافى بالموضوع - اسم جغرافى
الاسم الجغرافي تركيا
التقسيم الفرعي العام العلاقات الخارجية
التقسيم الفرعي الجغرافي الاتحاد الاوروبى
651 04 - المدخل الاضافى بالموضوع - اسم جغرافى
الاسم الجغرافي الاتحاد الاوروبى
التقسيم الفرعي العام العلاقات الخارجية
التقسيم الفرعي الجغرافي تركيا
942 ## - عناصر المدخل الإضافي( كوها)
مصدر التصنيف او مخطط الترفيف Dewey Decimal Classification
Koha [default] item type كتاب
260 ## - PUBLICATION, DISTRIBUTION, ETC. (IMPRINT)
-- بيروت :
-- مركز دراسات الوحدة العربية ؛
Holdings
حالة التراجع حالة الفقد حالة تلف ليس للاعارة المكان المؤقت الموقع الحالى تاريخ الاكتساب اجمالي اﻻعارات رقم الطلب الباركود تاريخ اخر مشاهدة تاريخ تفعيل السعر نوع وعاء كوها
        مكتبة القاهرة الكبرى مكتبة القاهرة الكبرى 10/22/2014   327.730561 م د 158774 10/22/2014 10/22/2014 كتاب

Powered By

EGPV